000 00204nam a22000857a 4500
008 170601b xxu||||| |||| 00| 0 eng d
100 _93216
_aShastri. C
245 _aGaruda
260 _aNew Delhi
_bDevamala
_c2001
999 _c6529
_d6529